Beyond the exotic : (Record no. 2543)
[ view plain ]
| 000 -LEADER | |
|---|---|
| fixed length control field | 03410nac a22002651u 4500 |
| 008 - FIXED-LENGTH DATA ELEMENTS--GENERAL INFORMATION | |
| fixed length control field | 100725t xxu||||| |||| 00| 0 eng d |
| 010 ## - LIBRARY OF CONGRESS CONTROL NUMBER | |
| LC control number | 2004025983 |
| 020 ## - INTERNATIONAL STANDARD BOOK NUMBER | |
| International Standard Book Number | 0815630557 |
| 082 00 - DEWEY DECIMAL CLASSIFICATION NUMBER | |
| Classification number | 305.48697 |
| Item number | BEY |
| Edition number | 22 |
| 100 ## - MAIN ENTRY--PERSONAL NAME | |
| Personal name | 20080729 |
| 9 (RLIN) | 16777 |
| 245 00 - TITLE STATEMENT | |
| Title | Beyond the exotic : |
| Remainder of title | Women's Histories in Islamic societies / |
| Statement of responsibility, etc | edited by Amira El-Azhary Sonbol. |
| 250 ## - EDITION STATEMENT | |
| Edition statement | 1st ed. |
| 260 ## - PUBLICATION, DISTRIBUTION, ETC. (IMPRINT) | |
| Place of publication, distribution, etc | Syracuse, N.Y. : |
| Name of publisher, distributor, etc | Syracuse University Press,2005 |
| Date of publication, distribution, etc | 2005. |
| 300 ## - PHYSICAL DESCRIPTION | |
| Extent | xxxviii, 522 p. ; |
| Dimensions | 24 cm. |
| 504 ## - BIBLIOGRAPHY, ETC. NOTE | |
| Bibliography, etc | Includes bibliographical references (p. 467-500) and index. |
| 505 0# - FORMATTED CONTENTS NOTE | |
| Formatted contents note | History then, history now : the role of medieval Islamic religio-political sources in shaping the modern debate on gender / Denise A. Spellberg -- The Qur'an and history / Barbara Freyer Stowasser -- Muslim women : public authority, scriptures, and "Islamic law" / Haifaa Khalafallah -- Gendered sources in ethnohistorical research : the study of emigration from a Lebanese village / Patricia Mihaly Nabti -- Individualism and political modernity : devout Catholic women in Aleppo and Lebanon between the seventeenth and nineteenth centuries / Bernard Heyberger -- Women, patronage, and charity in Ottoman Istanbul / Fariba Zarinebaf -- Consciousness of self / Randi Deguilhem -- Sources for the study of slave women and concubines in Ottoman Egypt / Nelly Hanna -- Thoughts on women and slavery in the Ottoman era and historical sources / Madeline Zilfi -- Observations on the use of sharia court records as a source of social history / Ramadan al-Khowli -- Mahkama records as a source for women's history / Fatima Zohra Guechi -- And God knows best : the fatwa as a source for the history of gender in the Arab world / Judith E. Tucker -- Gender violence in Ottoman law / Elyse Semerdjian -- Mixed and other courts / Amira El-Azhary Sonbol -- Islamic personal law in American courts / Richard Freeland -- Learning gendered modernity / Lisa Pollard -- The use of textbooks as a source of history for women / Mona Russell -- Sources on the education of Ottoman women in the prime ministerial Ottoman archive for the period of reforms in the nineteenth and early twentieth centuries / Selçuk Aks̲in Somel -- The history of the discourses on gender and Islamism in contemporary Egypt (1980-1990) / Mervat F. Hatem -- Female patronage of Mamluk architecture in Cairo / Howayda al-Harithy -- Islamic art as a source for the study of women in premodern societies / Sheila S. Blair -- Discerning the hand-of-Fatima : an iconological investigation of the role of gender in religious art / Diane Apostolos-Cappadona -- Oral traditions as a source for the study of Muslim women / Valerie J. Hoffman -- Political science without clothes : the politics of dress, or, contesting the spatiality of the state in Egypt / Mamoun Fandy. |
| 650 #0 - SUBJECT ADDED ENTRY--TOPICAL TERM | |
| Topical term or geographic name as entry element | Muslim women |
| General subdivision | Historiography. |
| 9 (RLIN) | 16778 |
| 650 #0 - SUBJECT ADDED ENTRY--TOPICAL TERM | |
| Topical term or geographic name as entry element | Women |
| Geographic subdivision | Islamic countries |
| General subdivision | Historiography. |
| 9 (RLIN) | 16779 |
| 650 #0 - SUBJECT ADDED ENTRY--TOPICAL TERM | |
| Topical term or geographic name as entry element | Muslim women |
| General subdivision | Social conditions. |
| 9 (RLIN) | 16780 |
| 650 #0 - SUBJECT ADDED ENTRY--TOPICAL TERM | |
| Topical term or geographic name as entry element | Women |
| Geographic subdivision | Islamic countries |
| General subdivision | Social conditions. |
| 9 (RLIN) | 16781 |
| 700 1# - ADDED ENTRY--PERSONAL NAME | |
| Personal name | Sonbol, Amira El Azhary. |
| 9 (RLIN) | 16782 |
| 856 41 - ELECTRONIC LOCATION AND ACCESS | |
| Materials specified | Table of contents |
| Uniform Resource Identifier | <a href="http://www.loc.gov/catdir/toc/ecip053/2004025983.html">http://www.loc.gov/catdir/toc/ecip053/2004025983.html</a> |
| 942 ## - ADDED ENTRY ELEMENTS (KOHA) | |
| Item type | Book - Borrowing |
| Call number prefix | 305.48697 S6982 |
| Source of classification or shelving scheme | Dewey Decimal Classification |
| Withdrawn status | Item status | Damaged status | Not for loan | Home library | Current library | Shelving location | Date acquired | Source of acquisition | Total Checkouts | Total Renewals | Full call number | Barcode | Date last seen | Date last borrowed | Koha item type |
|---|---|---|---|---|---|---|---|---|---|---|---|---|---|---|---|
| Central Library | Central Library | First floor | 25/02/2007 | Purchase | 12 | 12 | 305.48697 BEY | 000001722 | 15/07/2025 | 13/06/2024 | Book - Borrowing |